When the body says no : (Record no. 1808)

000 -LEADER
fixed length control field 00896nam a2200277 i 4500
001 - CONTROL NUMBER
control field 019116192
003 - CONTROL NUMBER IDENTIFIER
control field Uk
005 - DATE AND TIME OF LATEST TRANSACTION
control field 20260202123719.0
008 - FIXED-LENGTH DATA ELEMENTS--GENERAL INFORMATION
fixed length control field 180903s2019 enk b 001|0|eng d
020 ## - INTERNATIONAL STANDARD BOOK NUMBER
International Standard Book Number 9781785042225
Qualifying information paperback
040 ## - CATALOGING SOURCE
Original cataloging agency StDuBDS
Language of cataloging eng
Transcribing agency StDuBDS
Modifying agency Uk
-- uoc
Description conventions rda
082 04 - DEWEY DECIMAL CLASSIFICATION NUMBER
Classification number 616.08
Edition number 23
Item number GAB
100 1# - MAIN ENTRY--PERSONAL NAME
Personal name Maté, Gabor,
Relator term author.
245 10 - TITLE STATEMENT
Title When the body says no :
Remainder of title the cost of hidden stress /
Statement of responsibility, etc. Gabor Maté.
250 ## - EDITION STATEMENT
Remainder of edition statement International Bestseller.
264 #1 - PRODUCTION, PUBLICATION, DISTRIBUTION, MANUFACTURE, AND COPYRIGHT NOTICE
Place of production, publication, distribution, manufacture London :
Name of producer, publisher, distributor, manufacturer Vermilion,
Date of production, publication, distribution, manufacture, or copyright notice 2019.
264 #4 - PRODUCTION, PUBLICATION, DISTRIBUTION, MANUFACTURE, AND COPYRIGHT NOTICE
Date of production, publication, distribution, manufacture, or copyright notice © Gabor Maté 2019.
300 ## - PHYSICAL DESCRIPTION
Extent 306 pages ;
Dimensions 20 cm.
336 ## - CONTENT TYPE
Content type term text
Source rdacontent
Content type code txt
337 ## - MEDIA TYPE
Media type term unmediated
Source rdamedia
Media type code n
338 ## - CARRIER TYPE
Carrier type term volume
Source rdacarrier
Carrier type code nc
504 ## - BIBLIOGRAPHY, ETC. NOTE
Bibliography, etc. note Includes bibliographical references and index.
650 #0 - SUBJECT ADDED ENTRY--TOPICAL TERM
Topical term or geographic name entry element Medicine, Psychosomatic
Form subdivision Popular works.
650 #0 - SUBJECT ADDED ENTRY--TOPICAL TERM
Topical term or geographic name entry element Stress (Psychology)
Form subdivision Popular works.
9 (RLIN) 2934
942 ## - ADDED ENTRY ELEMENTS (KOHA)
Source of classification or shelving scheme
Koha item type Book
Holdings
Withdrawn status Lost status Source of classification or shelving scheme Damaged status Not for loan Permanent location Current location Date acquired Full call number Barcode Date last seen Price effective from Koha item type Total Checkouts Date due Date last checked out
          UofCanada Library UofCanada Library 02/02/2026 616.08 GAB/NB 00002689 02/02/2026 02/02/2026 NB-Book      
          UofCanada Library UofCanada Library 02/02/2026 616.08 GAB 00002690 04/08/2026 02/02/2026 Book 1 05/08/2026 04/08/2026